00458nam a2200169 a 4500001001300000003000900013005001700022008004100039020002400080082001300104100001600117245007400133260002700207300000900234500003500243505001000278nice12345678IN_TiNIC20260116013814.0050524s1993 dela grp 000 0 eng  a0803918 c216200a150bKIM aKim, Uichol aIndigenous Psychologiesb Research and Experience in Cultural Context aDelhibSage Pub c1993 a296p aincludes index and biblioraphy2 aIndex